Zmeny v sociálnom a zdravotnom poistení SZČO a dobrovoľne poistených osôb v roku 2014
Vymeriavacie základy, sadzby poistného a poistné SZČO a dobrovoľne poistenej osoby v roku 2014. Sociálne poistenie SZČO. Zdravotné poistenie SZČO. Dobrovoľné poistenie fyzických osôb.
Saved in:
| Main Author: | |
|---|---|
| Format: | Book Chapter |
| Language: | Slovak |
| Subjects: | |
| Tags: |
No Tags, Be the first to tag this record!
|
MARC
| LEADER | 00000naa a2200000 4500 | ||
|---|---|---|---|
| 001 | 0184160 | ||
| 005 | 20231109104247.0 | ||
| 041 | 0 | |a slo | |
| 044 | |a SK | ||
| 245 | 1 | 0 | |a Zmeny v sociálnom a zdravotnom poistení SZČO a dobrovoľne poistených osôb v roku 2014 |c Jolana Strýčková |
| 520 | |a Vymeriavacie základy, sadzby poistného a poistné SZČO a dobrovoľne poistenej osoby v roku 2014. Sociálne poistenie SZČO. Zdravotné poistenie SZČO. Dobrovoľné poistenie fyzických osôb. | ||
| 610 | 2 | 0 | |a poistenie sociálne |
| 610 | 2 | 0 | |a poistenie zdravotné |
| 610 | 2 | 0 | |a poistenie dobrovoľné |
| 610 | 2 | 0 | |a základ vymeriavací |
| 610 | 2 | 0 | |a poistné |
| 610 | 2 | 0 | |a osoby samostatne zárobkovo činné |
| 610 | 2 | 0 | |a osoby fyzické |
| 100 | 1 | |a Strýčková, Jolana | |